Differential Calculus (Record no. 10642)
[ view plain ]
| 000 -LEADER | |
|---|---|
| fixed length control field | 00410nam a22001817a 4500 |
| 003 - CONTROL NUMBER IDENTIFIER | |
| control field | OSt |
| 008 - FIXED-LENGTH DATA ELEMENTS--GENERAL INFORMATION | |
| fixed length control field | 210520b ||||| |||| 00| 0 eng d |
| 020 ## - INTERNATIONAL STANDARD BOOK NUMBER | |
| International Standard Book Number | 9789388391559 |
| 100 ## - MAIN ENTRY--PERSONAL NAME | |
| Personal name | VASISHTHA,AR |
| 245 ## - TITLE STATEMENT | |
| Title | Differential Calculus |
| 250 ## - EDITION STATEMENT | |
| Edition statement | 30th |
| 260 ## - PUBLICATION, DISTRIBUTION, ETC. (IMPRINT) | |
| Place of publication, distribution, etc | Meerut |
| Name of publisher, distributor, etc | Krishna |
| Date of publication, distribution, etc | 2021 |
| 300 ## - PHYSICAL DESCRIPTION | |
| Extent | MISC |
| 650 ## - SUBJECT ADDED ENTRY--TOPICAL TERM | |
| Topical term or geographic name as entry element | Applied Sc |
| 700 ## - ADDED ENTRY--PERSONAL NAME | |
| Personal name | SHARMA,SK |
| 700 ## - ADDED ENTRY--PERSONAL NAME | |
| Personal name | VASISHTHA,AK |
| 942 ## - ADDED ENTRY ELEMENTS (KOHA) | |
| Source of classification or shelving scheme | Dewey Decimal Classification |
| Koha item type | Text Books |
| 942 ## - ADDED ENTRY ELEMENTS (KOHA) | |
| -- | 1 |
| Withdrawn status | Lost status | Source of classification or shelving scheme | Damaged status | Not for loan | Collection code | Home library | Current library | Date acquired | Source of acquisition | Currency | Cost, normal purchase price | Bill Number | Total Checkouts | Full call number | Acc. no. / Barcode | Date last seen | Actual Cost, discounted price | Bill Date | Koha item type | Date last borrowed |
|---|---|---|---|---|---|---|---|---|---|---|---|---|---|---|---|---|---|---|---|---|
| Dewey Decimal Classification | Applied Sc. | PIET C-LIBRARY | PIET C-LIBRARY | 15/04/2021 | Kirti Praskshan | IN Rupees | 495.00 | IN2047 | 510 VAD | 32842 | 20/05/2021 | 386.10 | 15/04/2021 | Reference Books | ||||||
| Dewey Decimal Classification | Applied Sc. | PIET C-LIBRARY | PIET C-LIBRARY | 15/04/2021 | Kirti Praskshan | IN Rupees | 495.00 | IN2047 | 510 VAD | 32843 | 20/05/2021 | 386.10 | 15/04/2021 | Text Books | ||||||
| Dewey Decimal Classification | Applied Sc. | PIET C-LIBRARY | PIET C-LIBRARY | 15/04/2021 | Kirti Praskshan | IN Rupees | 495.00 | IN2047 | 510 VAD | 32844 | 20/05/2021 | 386.10 | 15/04/2021 | Text Books | ||||||
| Dewey Decimal Classification | Applied Sc. | PIET C-LIBRARY | PIET C-LIBRARY | 15/04/2021 | Kirti Praskshan | IN Rupees | 495.00 | IN2047 | 510 VAD | 32845 | 20/05/2021 | 386.10 | 15/04/2021 | Text Books | ||||||
| Dewey Decimal Classification | Applied Sc. | PIET C-LIBRARY | PIET C-LIBRARY | 15/04/2021 | Kirti Praskshan | IN Rupees | 495.00 | IN2047 | 510 VAD | 32846 | 20/05/2021 | 386.10 | 15/04/2021 | Text Books | ||||||
| Dewey Decimal Classification | Applied Sc. | PIET C-LIBRARY | PIET C-LIBRARY | 15/04/2021 | Kirti Praskshan | IN Rupees | 495.00 | IN2047 | 510 VAD | 32847 | 20/05/2021 | 386.10 | 15/04/2021 | Text Books | ||||||
| Dewey Decimal Classification | Applied Sc. | PIET C-LIBRARY | PIET C-LIBRARY | 15/04/2021 | Kirti Praskshan | IN Rupees | 495.00 | IN2047 | 510 VAD | 32848 | 20/05/2021 | 386.10 | 15/04/2021 | Text Books | ||||||
| Dewey Decimal Classification | Applied Sc. | PIET C-LIBRARY | PIET C-LIBRARY | 15/04/2021 | Kirti Praskshan | IN Rupees | 495.00 | IN2047 | 1 | 510 VAD | 32849 | 04/01/2022 | 386.10 | 15/04/2021 | Text Books | 21/12/2021 |